[Event "Bad Woerishofen 2017 - Senioren"]
[Site "Bad Woerishofen"]
[Date "2017.03.16"]
[Round "8.53"]
[White "Schulz, Franz"]
[Black "Lachat, Martin"]
[Result "0-1"]
[WhiteElo "1629"]
[BlackElo "1642"]
[Annotator "chessorg"]
[PlyCount "68"]
[EventDate "2017.??.??"]
[WhiteTeam "SV Ebersbach"]
[BlackTeam "ASK Réti Zuerich"]

1. b4 f5 2. Bb2 Nf6 3. Nf3 g6 4. c4 Bg7 5. b5 O-O 6. a4 d6 7. d4 c6 8. Nbd2
cxb5 9. axb5 e6 10. Qc2 Nbd7 11. e4 fxe4 12. Nxe4 Nxe4 13. Qxe4 Nf6 14. Qc2 b6
15. Bd3 Bb7 16. Be2 Qd7 17. O-O Rfc8 18. Qb3 d5 19. Rac1 Ne4 20. Rc2 Nd6 21.
Rfc1 dxc4 22. Bxc4 Nxc4 23. Rxc4 Rxc4 24. Qxc4 Rc8 25. Qd3 Rxc1+ 26. Bxc1 e5
27. Qc4+ Bd5 28. Qb4 Bxf3 29. gxf3 exd4 30. Qc4+ Kh8 31. Qd3 Qd5 32. Bb2 Kg8
33. Kf1 Kf7 34. Qe4 Qxb5+ 0-1

[Event "Bad Woerishofen 2017 - Senioren"]
[Site "Bad Woerishofen"]
[Date "2017.03.16"]
[Round "8.54"]
[White "Rueggeberg, Wilhelm"]
[Black "Weyand, Fernand"]
[Result "1/2-1/2"]
[WhiteElo "1845"]
[BlackElo "1747"]
[Annotator "chessorg"]
[PlyCount "107"]
[EventDate "2017.??.??"]
[WhiteTeam "Sfr.Saarburg-Trier"]
[BlackTeam "SVG Saarbruecken 1970 e.V."]

1. d4 d5 2. c4 Nf6 3. Nf3 c6 4. e3 Nbd7 5. Nc3 e6 6. cxd5 exd5 7. Qc2 Bb4 8.
Bd2 O-O 9. Be2 Re8 10. O-O Bxc3 11. Bxc3 Ne4 12. Bd3 Ndf6 13. Rae1 Bf5 14. Ne5
Bg6 15. Nxg6 hxg6 16. f3 Nxc3 17. bxc3 Rc8 18. Re2 c5 19. Qb2 cxd4 20. cxd4 Re7
21. Rfe1 Rc6 22. Qa3 a6 23. g3 Qc7 24. Rc2 Ree6 25. Qb3 Rxc2 26. Bxc2 Rb6 27.
Qd3 Nh5 28. Bb3 Nf6 29. Kg2 Rc6 30. Re2 Rc3 31. Qd2 b5 32. Qb2 a5 33. Rc2 Rxc2+
34. Qxc2 Qxc2+ 35. Bxc2 Kf8 36. Kf2 Ke7 37. Ke2 Nd7 38. Bd3 b4 39. Bb5 Nb6 40.
Kd3 f6 41. h4 Kf7 42. e4 Ke7 43. Bc6 Kd6 44. Be8 g5 45. hxg5 fxg5 46. Bb5 a4
47. e5+ Ke6 48. g4 Ke7 49. Ke2 a3 50. Bd3 b3 51. Bb1 Na4 52. Kd2 b2 53. Kc2 Nb6
54. Kd3 1/2-1/2

[Event "Bad Woerishofen 2017 - Senioren"]
[Site "Bad Woerishofen"]
[Date "2017.03.16"]
[Round "8.55"]
[White "Flockerzi, Armin"]
[Black "Narr, Irmgard"]
[Result "1-0"]
[WhiteElo "1822"]
[BlackElo "1694"]
[Annotator "chessorg"]
[PlyCount "167"]
[EventDate "2017.??.??"]
[WhiteTeam "VfR-SC Koblenz"]
[BlackTeam "SC Muehlh.-R.Nuernberg"]

1. Nf3 Nf6 2. d4 d5 3. g3 Bf5 4. Nbd2 e6 5. Bg2 c5 6. dxc5 Bxc5 7. e3 Qb6 8.
Nb3 Nc6 9. c3 O-O 10. O-O h6 11. Nfd4 Bxd4 12. exd4 Nd7 13. Bf4 Ne7 14. Re1 Bg6
15. Qd2 Kh7 16. Re3 Nf5 17. Ree1 Qd8 18. h4 b6 19. Bf3 Nf6 20. Qe2 h5 21. Bg5
Rh8 22. Bxh5 Bxh5 23. Bxf6 Qxf6 24. Qxh5+ Kg8 25. Qf3 Qg6 26. Kf1 Nh6 27. Re2
Ng4 28. Ke1 Nf6 29. Nc1 Ne4 30. Nd3 Rxh4 31. Kd1 Rh6 32. Kc2 Ng5 33. Qe3 Rc8
34. Kb3 Ne4 35. Rg1 f5 36. a3 Qe8 37. Ka2 Qc6 38. Rc2 Qc4+ 39. Kb1 Qb5 40. Ne5
a5 41. f3 Nd6 42. g4 Rh7 43. gxf5 Nxf5 44. Qe1 Qe8 45. Ng4 Qf7 46. Qe5 Kf8 47.
Re2 Re8 48. Ka1 b5 49. Ka2 Qd7 50. Ne3 Nd6 51. Qg5 b4 52. cxb4 axb4 53. Rge1
bxa3 54. b3 Nb5 55. Nxd5 Nxd4 56. Qf4+ Nf5 57. Ne3 g6 58. Ng4 Kg7 59. Qe5+ Kf8
60. Nf6 Qe7 61. Nxh7+ Qxh7 62. Qf6+ Qf7 63. Rxe6 Rxe6 64. Rxe6 Qxf6 65. Rxf6+
Kg7 66. Rc6 Nd4 67. Rc3 Kf6 68. Rd3 Ke5 69. Kxa3 g5 70. b4 Kd5 71. Ka4 Kc4 72.
Rxd4+ Kxd4 73. b5 Kc5 74. Ka5 Kd4 75. b6 Ke3 76. b7 Kxf3 77. b8=Q g4 78. Qh2 g3
79. Qg1 g2 80. Kb4 Kg3 81. Kc3 Kf3 82. Kd3 Kg3 83. Ke3 Kh3 84. Kf3 1-0

[Event "Bad Woerishofen 2017 - Senioren"]
[Site "Bad Woerishofen"]
[Date "2017.03.16"]
[Round "8.56"]
[White "Dallmeier, Gerhard"]
[Black "Wraga, Hermann"]
[Result "1/2-1/2"]
[WhiteElo "1819"]
[BlackElo "1683"]
[Annotator "chessorg"]
[PlyCount "42"]
[EventDate "2017.??.??"]
[WhiteTeam "SK Roland Weißenfels"]
[BlackTeam "SG Osnabrueck"]

1. e4 d6 2. d4 Nf6 3. Nc3 g6 4. Nf3 Bg7 5. Bd3 O-O 6. O-O a6 7. Be3 Nbd7 8. Ne1
c5 9. d5 b5 10. a3 c4 11. Be2 Qc7 12. f4 Nc5 13. Bf3 Rb8 14. Bd4 Bd7 15. e5 Ne8
16. g4 dxe5 17. fxe5 Bxe5 18. Bxe5 Qxe5 19. Ng2 Qd6 20. Qd2 Nc7 21. Rad1 Rbd8
1/2-1/2

[Event "Bad Woerishofen 2017 - Senioren"]
[Site "Bad Woerishofen"]
[Date "2017.03.16"]
[Round "8.57"]
[White "Huba, Mark"]
[Black "Eigenmann, Christina"]
[Result "0-1"]
[WhiteElo "1590"]
[BlackElo "1738"]
[Annotator "chessorg"]
[PlyCount "82"]
[EventDate "2017.??.??"]
[WhiteTeam "Kings Head"]

1. c4 c5 2. g3 Nf6 3. Bg2 Nc6 4. Nc3 e6 5. d3 Be7 6. Nf3 O-O 7. e4 Nd4 8. Nxd4
cxd4 9. Ne2 e5 10. O-O Bb4 11. f4 Ng4 12. fxe5 Ne3 13. Bxe3 dxe3 14. Nc3 Bxc3
15. bxc3 Qa5 16. Qc2 Qxe5 17. d4 Qc7 18. Qd3 d6 19. Rae1 Bd7 20. Rxe3 Rac8 21.
e5 dxe5 22. dxe5 Be6 23. Bd5 Rfd8 24. Qe4 Rd7 25. Bxe6 fxe6 26. Kg2 Rd2+ 27.
Rf2 Rxf2+ 28. Kxf2 Rf8+ 29. Kg2 Qb6 30. Re2 Qc7 31. Rf2 Rd8 32. Re2 Rf8 33. Qg4
Qf7 34. Kh3 Qf1+ 35. Rg2 Rf5 36. Qe2 Qc1 37. g4 Qh6+ 38. Kg3 Qf4+ 39. Kh3 Rxe5
40. Qd2 Re3+ 41. Rg3 Rxg3+ 0-1

[Event "Bad Woerishofen 2017 - Senioren"]
[Site "Bad Woerishofen"]
[Date "2017.03.16"]
[Round "8.58"]
[White "Hartlaub, Marianne"]
[Black "Hardt, Dieter"]
[Result "1-0"]
[WhiteElo "1555"]
[BlackElo "1733"]
[Annotator "chessorg"]
[PlyCount "105"]
[EventDate "2017.??.??"]
[WhiteTeam "SK 1982 Klingenberg e.V."]
[BlackTeam "SG Konstanz"]

1. Nf3 d5 2. g3 Nf6 3. Bg2 Bf5 4. d3 e6 5. O-O Be7 6. Nbd2 c5 7. b3 Nc6 8. Bb2
O-O 9. Re1 Qc7 10. Nh4 Bg6 11. Nxg6 hxg6 12. Nf3 Rad8 13. Rc1 Rfe8 14. e3 a5
15. Qe2 e5 16. h3 Nd7 17. Nh2 Nf8 18. c4 d4 19. Bd5 Nb4 20. Bg2 Nxa2 21. Ra1
Nc3 22. Bxc3 dxc3 23. Bd5 Bf6 24. Ng4 Ne6 25. Nxf6+ gxf6 26. Qg4 b6 27. h4 Ng7
28. Kg2 Nh5 29. Qf3 f5 30. e4 Qd7 31. Rac1 Kg7 32. Rxc3 Nf6 33. Rh1 Nh5 34. Qe3
f4 35. Qf3 Nf6 36. gxf4 exf4 37. Qxf4 Qg4+ 38. Qxg4 Nxg4 39. Kf3 Ne5+ 40. Ke2
Rh8 41. f4 Ng4 42. Kf3 Nf6 43. Bc6 Rh5 44. e5 Nd7 45. Kg3 Nf8 46. Bf3 Rh6 47.
Kg4 Rd4 48. Be4 Rh5 49. Kg3 f5 50. Bf3 Rh6 51. Bd5 Nd7 52. Re1 Kf8 53. e6 1-0

[Event "Bad Woerishofen 2017 - Senioren"]
[Site "Bad Woerishofen"]
[Date "2017.03.16"]
[Round "8.59"]
[White "Birkestrand, Odd"]
[Black "Gepting, Konrad"]
[Result "1-0"]
[WhiteElo "1726"]
[BlackElo "1606"]
[Annotator "chessorg"]
[PlyCount "91"]
[EventDate "2017.??.??"]
[WhiteTeam "Norges Sjakkforbund"]
[BlackTeam "SK Marktoberdorf"]

1. e4 d6 2. d4 e6 3. Nf3 h6 4. Bd3 a6 5. c4 Nd7 6. O-O Nb6 7. Nc3 Bd7 8. Be3 c5
9. d5 e5 10. h3 Ne7 11. Nh2 Ng6 12. Ne2 Be7 13. f4 exf4 14. Nxf4 Ne5 15. b3
Nxd3 16. Qxd3 Bg5 17. Kh1 Qe7 18. Nf3 O-O-O 19. Rab1 Na8 20. b4 b6 21. bxc5
dxc5 22. d6 Qf8 23. Qd5 Kb8 24. Qxc5 Bb5 25. Rxb5 axb5 26. Qxb5 Qxd6 27. c5 Qc7
28. cxb6 Qc8 29. Ne5 Rhf8 30. Rc1 Qxc1+ 31. Bxc1 Rd1+ 32. Kh2 Rxc1 33. Nfd3
Rfc8 34. Nxc1 Bf4+ 35. g3 Rc2+ 36. Kg1 Rxc1+ 37. Kf2 Rc2+ 38. Kf3 Bg5 39. Nd7+
Kb7 40. Nc5+ Rxc5 41. Qxc5 Nxb6 42. Qb5 Kc7 43. a4 Nc8 44. Qc4+ Kd8 45. Qxf7
Bf6 46. Qd5+ 1-0

[Event "Bad Woerishofen 2017 - Senioren"]
[Site "Bad Woerishofen"]
[Date "2017.03.16"]
[Round "8.60"]
[White "Oser, Thor"]
[Black "Mack, Friedemann"]
[Result "1/2-1/2"]
[WhiteElo "1708"]
[BlackElo "1517"]
[Annotator "chessorg"]
[PlyCount "104"]
[EventDate "2017.??.??"]
[WhiteTeam "SK 1929 Joehlingen"]
[BlackTeam "TSG Steinheim"]

1. d4 d5 2. e3 Nf6 3. Bd3 Nc6 4. c3 Bd7 5. h3 e5 6. dxe5 Nxe5 7. Be2 Bc6 8. Nf3
Bd6 9. Nbd2 O-O 10. Nxe5 Bxe5 11. Nf3 Bd6 12. b3 Qd7 13. Nd4 Ne4 14. Bb2 a6 15.
Nxc6 Qxc6 16. Bf3 Rfe8 17. Bxe4 Rxe4 18. Qd3 Re6 19. O-O-O d4 20. Qxd4 Be5 21.
Qd2 Rd6 22. Qc2 Rad8 23. f3 h6 24. Rxd6 Rxd6 25. Rd1 Rxd1+ 26. Qxd1 Bxc3 27.
Qd8+ Kh7 28. Qd3+ Kg8 29. Qxc3 Qg6 30. g4 h5 31. a4 c6 32. Qc2 Qe6 33. Qd3 hxg4
34. hxg4 Qh6 35. Kb1 Qh1+ 36. Ka2 Qxf3 37. Qd8+ Kh7 38. Qg5 f6 39. Qf5+ Qxf5
40. gxf5 Kh6 41. e4 Kg5 42. e5 fxe5 43. Bxe5 Kxf5 44. Bxg7 Ke6 45. a5 Kd5 46.
Bf8 c5 47. Kb2 Kc6 48. Bg7 Kb5 49. Bc3 b6 50. axb6 Kxb6 51. Ka3 Kb5 52. Bd2 a5
1/2-1/2

[Event "Bad Woerishofen 2017 - Senioren"]
[Site "Bad Woerishofen"]
[Date "2017.03.16"]
[Round "8.61"]
[White "Kirchhof, Manfred"]
[Black "Braeu, Emmi"]
[Result "0-1"]
[WhiteElo "1530"]
[BlackElo "1558"]
[Annotator "chessorg"]
[PlyCount "60"]
[EventDate "2017.??.??"]
[WhiteTeam "SC Unterhaching e.V."]
[BlackTeam "SK Marktoberdorf"]

1. d4 c5 2. e3 cxd4 3. exd4 d5 4. c3 Nc6 5. Nf3 Nf6 6. Nbd2 h6 7. Bd3 e6 8. O-O
Bd6 9. Re1 O-O 10. h3 Bd7 11. Nf1 Rc8 12. Bd2 Qc7 13. Qc1 Ne7 14. Bxh6 gxh6 15.
Qxh6 Nf5 16. Bxf5 exf5 17. Qxf6 Rce8 18. Qg5+ Kh7 19. Qh5+ Kg8 20. Qg5+ Kh7 21.
Qd2 Bf4 22. Qc2 Be6 23. g3 Rg8 24. Kh1 Bh6 25. Nh4 Rg5 26. f4 Rh5 27. Qe2 Rxh4
28. gxh4 Qxf4 29. h5 Rg8 30. Qh2 Qf3+ 0-1

[Event "Bad Woerishofen 2017 - Senioren"]
[Site "Bad Woerishofen"]
[Date "2017.03.16"]
[Round "8.62"]
[White "Koch, Dieter"]
[Black "Walther, Renate"]
[Result "1-0"]
[WhiteElo "1725"]
[BlackElo "1196"]
[Annotator "chessorg"]
[PlyCount "51"]
[EventDate "2017.??.??"]
[WhiteTeam "SC Ammersee"]
[BlackTeam "SK 1911 Herzogenaurach"]

1. d4 c5 2. e3 e6 3. c3 Nf6 4. Bd3 d5 5. f4 Nc6 6. Nd2 b6 7. Qf3 Be7 8. Nh3 h6
9. O-O Bb7 10. a4 a5 11. Nf2 O-O 12. g4 Ba6 13. Bb5 Qc7 14. Kh1 Nh7 15. Qh3 f5
16. Nf3 Rf6 17. Rg1 Rg6 18. Bxc6 Qxc6 19. Ne5 Qe8 20. Nxg6 Qxg6 21. gxf5 Qf7
22. fxe6 Qf6 23. Ng4 Qxe6 24. Nxh6+ Kf8 25. Qxe6 Bc8 26. Qf7# 1-0

[Event "Bad Woerishofen 2017 - Senioren"]
[Site "Bad Woerishofen"]
[Date "2017.03.16"]
[Round "8.63"]
[White "Thonig, Manfred"]
[Black "Schwenke, Norbert"]
[Result "0-1"]
[WhiteElo "1544"]
[BlackElo "1627"]
[Annotator "chessorg"]
[PlyCount "60"]
[EventDate "2017.??.??"]
[WhiteTeam "SK Großweil"]

1. f4 Nc6 2. e4 e5 3. d3 Bc5 4. Nf3 d6 5. f5 Nf6 6. c3 d5 7. b4 Bd6 8. Nbd2 a6
9. Ng5 h6 10. Nh3 b5 11. Be2 Bb7 12. O-O Ne7 13. Nb3 dxe4 14. Na5 Bd5 15. c4
Bxb4 16. Bd2 Bc5+ 17. Kh1 exd3 18. Bxd3 Bxg2+ 19. Kxg2 Qxd3 20. Rf3 Qd7 21. Nb7
Bd4 22. Bc3 c5 23. Bxd4 cxd4 24. Nc5 Qc6 25. Ne6 fxe6 26. fxe6 Qxc4 27. Rxf6
gxf6 28. Qh5+ Kd8 29. Qf3 Rg8+ 30. Kh1 Qd5 0-1

[Event "Bad Woerishofen 2017 - Senioren"]
[Site "Bad Woerishofen"]
[Date "2017.03.17"]
[Round "9.2"]
[White "Frick, Christoph"]
[Black "Kelchner, Hans"]
[Result "1-0"]
[WhiteElo "2256"]
[BlackElo "2152"]
[Annotator "chessorg"]
[PlyCount "31"]
[EventDate "2017.??.??"]
[WhiteTeam "Tuebingen"]

1. d4 Nf6 2. Bf4 d5 3. e3 Bf5 4. c4 c6 5. Nc3 e6 6. Qb3 Qb6 7. c5 Qxb3 8. axb3
Nbd7 9. h3 a6 10. b4 Rc8 11. Nf3 Be7 12. Nd2 Bd8 13. f3 Bc7 14. Bxc7 Rxc7 15.
b5 cxb5 16. Nxb5 {11.3 b} 1-0

[Event "Bad Woerishofen 2017 - Senioren"]
[Site "Bad Woerishofen"]
[Date "2017.03.17"]
[Round "9.4"]
[White "Okrajek, Alexander"]
[Black "Dahlhaus, Friedhelm"]
[Result "1/2-1/2"]
[WhiteElo "2213"]
[BlackElo "2059"]
[Annotator "chessorg"]
[PlyCount "79"]
[EventDate "2017.??.??"]
[WhiteTeam "SC 1919 Siegburg e.V."]
[BlackTeam "DJK Wacker Bergeborbeck 1922"]

1. d4 d5 2. Bf4 c6 3. e3 Bf5 4. Bd3 Bxd3 5. cxd3 Nf6 6. Nf3 e6 7. Nc3 Bd6 8.
Ne5 O-O 9. O-O Na6 10. h3 c5 11. Nb5 Be7 12. dxc5 Nxc5 13. d4 Nce4 14. f3 Nd6
15. Nxd6 Bxd6 16. Qb3 Qe7 17. Rfc1 Rfc8 18. Rc2 Rc7 19. Rac1 Rac8 20. Nd3 Bxf4
21. Nxf4 h6 22. Nd3 Ne8 23. Rc3 b6 24. Ne5 Rxc3 25. Rxc3 Rxc3 26. Qxc3 Qc7 27.
Kf2 f6 28. Qc6 Qxc6 29. Nxc6 a6 30. Nb8 Nc7 31. a4 Kf7 32. Nd7 Na8 33. b4 Ke7
34. Nb8 Nc7 35. Ke2 Kd6 36. Kd3 b5 37. a5 Ke7 38. Nc6+ Kd7 39. Nb8+ Kc8 40. Nc6
1/2-1/2

[Event "Bad Woerishofen 2017 - Senioren"]
[Site "Bad Woerishofen"]
[Date "2017.03.17"]
[Round "9.5"]
[White "Gerl, Hans"]
[Black "Daeubler, Heinrich"]
[Result "0-1"]
[WhiteElo "2043"]
[BlackElo "2161"]
[Annotator "chessorg"]
[PlyCount "138"]
[EventDate "2017.??.??"]
[WhiteTeam "SC Bayerwald Regen/Zwiesel e.V."]
[BlackTeam "SC Haselmuehl"]

1. d4 d5 2. c4 Bf5 3. Nc3 e6 4. Nf3 c6 5. e3 Nd7 6. Bd3 Bxd3 7. Qxd3 Ngf6 8.
O-O Bd6 9. b3 O-O 10. Bb2 dxc4 11. bxc4 e5 12. Rfd1 exd4 13. exd4 Re8 14. Re1
Qa5 15. Re2 Ba3 16. Bxa3 Qxa3 17. Rae1 Rxe2 18. Rxe2 Nb6 19. Rd2 Re8 20. h3 h6
21. Rd1 Rd8 22. Ne5 Qe7 23. Nf3 Qa3 24. Ne5 Nfd7 25. Nxd7 Nxd7 26. Qc2 Nf6 27.
Qb3 Qe7 28. d5 cxd5 29. cxd5 Qe5 30. Qc4 Rd7 31. f4 Qc7 32. Qd4 b6 33. d6 Qc5
34. Qxc5 bxc5 35. g4 Rb7 36. g5 hxg5 37. fxg5 Nd7 38. Re1 c4 39. Re8+ Kh7 40.
Rc8 Nb6 41. Rc7 Rxc7 42. dxc7 Kg6 43. h4 Kh5 44. Kf2 Kxh4 45. Ne4 Nc8 46. Kf3
c3 47. Ke2 Kg4 48. Kd3 Kf5 49. Nxc3 Ke5 50. Kc4 Kd6 51. Nd5 Kc6 52. Kd4 Nd6 53.
Ke5 Kd7 54. a4 Ne8 55. c8=Q+ Kxc8 56. Ne7+ Kd7 57. Nf5 Kc6 58. Kd4 a6 59. Kc4
Nd6+ 60. Nxd6 Kxd6 61. Kb4 f5 62. gxf6 gxf6 63. Ka5 f5 64. Kxa6 Kc6 65. Ka7 f4
66. a5 f3 67. a6 f2 68. Kb8 f1=Q 69. Ka7 Qb5 0-1

[Event "Bad Woerishofen 2017 - Senioren"]
[Site "Bad Woerishofen"]
[Date "2017.03.17"]
[Round "9.6"]
[White "Kroencke, Manfred"]
[Black "Weinwurm, Wolfgang"]
[Result "1/2-1/2"]
[WhiteElo "2076"]
[BlackElo "2133"]
[Annotator "chessorg"]
[PlyCount "42"]
[EventDate "2017.??.??"]
[WhiteTeam "SG Glueckstadt von 1920 e. V."]
[BlackTeam "Ternitz"]

1. e4 d6 2. d4 Nf6 3. Nc3 g6 4. Bg5 c6 5. Bxf6 exf6 6. Bc4 Bg7 7. Nf3 O-O 8.
O-O f5 9. e5 d5 10. Bb3 Na6 11. Qd2 Nc7 12. Ne2 Qe7 13. Rfe1 Kh8 14. Rad1 Kg8
15. h4 Ne6 16. c4 dxc4 17. Bxc4 Rd8 18. d5 cxd5 19. Bxd5 Bd7 20. Qe3 Bc6 21.
Nc3 Bf8 1/2-1/2

[Event "Bad Woerishofen 2017 - Senioren"]
[Site "Bad Woerishofen"]
[Date "2017.03.17"]
[Round "9.7"]
[White "Keller, Harald"]
[Black "Norman, Kenneth"]
[Result "0-1"]
[WhiteElo "2075"]
[BlackElo "2136"]
[Annotator "chessorg"]
[PlyCount "138"]
[EventDate "2017.??.??"]
[WhiteTeam "SV Rottweil"]

1. e4 e5 2. Nf3 Nc6 3. d4 exd4 4. Bc4 Bc5 5. O-O d6 6. h3 Nf6 7. c3 dxc3 8.
Nxc3 O-O 9. Bg5 Be6 10. Nd5 Bxd5 11. exd5 Ne5 12. Nxe5 dxe5 13. Rb1 Qd6 14.
Bxf6 Qxf6 15. b4 Bd6 16. Qg4 g6 17. Rb3 a6 18. h4 h5 19. Qe2 Qxh4 20. Rh3 Qf6
21. Rb1 Qg7 22. Rbb3 e4 23. g4 hxg4 24. Qxg4 Rae8 25. Rh1 Re5 26. Rbh3 Rh5 27.
Rxh5 gxh5 28. Qxg7+ Kxg7 29. Rxh5 Bxb4 30. Re5 f5 31. Kf1 Kf6 32. Re6+ Kg5 33.
Kg2 Kf4 34. Rg6 Bd6 35. Bb3 Ke5 36. Kf1 b5 37. Ke2 Kd4 38. Rg1 Rh8 39. Rd1+ Ke5
40. Rc1 a5 41. a4 bxa4 42. Bxa4 Rb8 43. f3 Rb2+ 44. Rc2 Rxc2+ 45. Bxc2 Kxd5 46.
fxe4+ fxe4 47. Ke3 Bc5+ 48. Kd2 Kd4 49. Ba4 e3+ 50. Kc2 Kc4 51. Bc6 Kb4 52. Bf3
a4 53. Kb2 a3+ 54. Kc2 Bd4 55. Bd5 c6 56. Ba2 Kc5 57. Kd3 Kd6 58. Bc4 Ke5 59.
Ba2 c5 60. Bb3 Kd6 61. Bc4 Kc6 62. Kc2 Bb2 63. Kd3 Bc1 64. Bf7 Kb5 65. Be6 Kb4
66. Ba2 e2 67. Kxe2 Kc3 68. Kd1 Kb2 69. Bc4 Bg5 0-1

[Event "Bad Woerishofen 2017 - Senioren"]
[Site "Bad Woerishofen"]
[Date "2017.03.17"]
[Round "9.8"]
[White "Heppell, Ian"]
[Black "Goris, Ton"]
[Result "1-0"]
[WhiteElo "2077"]
[BlackElo "1992"]
[Annotator "chessorg"]
[PlyCount "55"]
[EventDate "2017.??.??"]
[WhiteTeam "Wimbledon"]

1. e4 e6 2. Nc3 d5 3. Nf3 dxe4 4. Nxe4 Nd7 5. d4 Ngf6 6. Bd3 Nxe4 7. Bxe4 Nf6
8. Bd3 Be7 9. O-O O-O 10. Qe2 b6 11. Rd1 Bb7 12. c4 Qe8 13. Ne5 Rd8 14. Bf4 Kh8
15. Bc2 Bd6 16. Bg5 Bxe5 17. dxe5 Rxd1+ 18. Rxd1 Qc6 19. f3 Ng8 20. Qd3 g6 21.
Qa3 Qc5+ 22. Qxc5 bxc5 23. Rd7 h6 24. Be3 Ba6 25. b3 Bc8 26. Rxc7 a6 27. Bxc5
Rd8 28. Rxf7 1-0

[Event "Bad Woerishofen 2017 - Senioren"]
[Site "Bad Woerishofen"]
[Date "2017.03.17"]
[Round "9.12"]
[White "Zunker, Reinhard"]
[Black "Krueger, Norbert"]
[Result "1-0"]
[WhiteElo "2121"]
[BlackElo "2006"]
[Annotator "chessorg"]
[PlyCount "99"]
[EventDate "2017.??.??"]
[WhiteTeam "SV 1920 Hofheim"]
[BlackTeam "Ratinger SK"]

1. e4 c5 2. Nc3 Nc6 3. g3 g6 4. Bg2 Bg7 5. f4 d6 6. d3 e6 7. Nf3 Nge7 8. O-O
O-O 9. h3 Rb8 10. Be3 e5 11. Qd2 Nd4 12. Nh2 f5 13. Nd1 Be6 14. c3 Ndc6 15. Nf3
Qd7 16. Ng5 fxe4 17. Nxe6 Qxe6 18. dxe4 Rbd8 19. Nf2 Kh8 20. Rfd1 b6 21. Qe2 d5
22. Qg4 Qxg4 23. hxg4 d4 24. Bd2 Rd6 25. f5 h6 26. Bh3 g5 27. Bf1 Rfd8 28. Kg2
Bf6 29. Kf3 Kg7 30. Bc4 Kf8 31. Be6 Kg7 32. c4 a5 33. Nd3 Ra8 34. a3 Rdd8 35.
Rdb1 Rdb8 36. b3 Kf8 37. b4 axb4 38. axb4 cxb4 39. Nxb4 Nxb4 40. Bxb4 Kg7 41.
Bd6 Rxa1 42. Rxa1 Rb7 43. Ra8 b5 44. c5 b4 45. Bb3 Rb5 46. Ke2 h5 47. gxh5 g4
48. Ra7 Kf8 49. Kd3 Bg5 50. Kc4 1-0

[Event "Bad Woerishofen 2017 - Senioren"]
[Site "Bad Woerishofen"]
[Date "2017.03.17"]
[Round "9.14"]
[White "Maes, Valery"]
[Black "Vonach, Bernhard"]
[Result "1-0"]
[WhiteElo "2097"]
[BlackElo "1992"]
[Annotator "chessorg"]
[PlyCount "91"]
[EventDate "2017.??.??"]
[WhiteTeam "Krefelder SK Turm 1851 e.V."]
[BlackTeam "SF Windach"]

1. d4 c5 2. e3 Nf6 3. Nf3 g6 4. c4 Bg7 5. Nc3 O-O 6. Be2 cxd4 7. exd4 d5 8. O-O
dxc4 9. Bxc4 Nc6 10. d5 Na5 11. Be2 b6 12. Be3 Bb7 13. b4 Nxd5 14. Nxd5 Bxa1
15. Qxa1 Qxd5 16. Bh6 f6 17. Bxf8 Rxf8 18. bxa5 Qxa5 19. Bc4+ Bd5 20. Bxd5+
Qxd5 21. Rd1 Qc5 22. Qb2 Rc8 23. Qb3+ Qc4 24. Qa3 Rc7 25. h3 b5 26. Qa5 Kf7 27.
Rb1 b4 28. Rxb4 Qc1+ 29. Kh2 Qc5 30. Qxc5 Rxc5 31. Ra4 Rc7 32. Nd4 e5 33. Nb5
Rc5 34. Rxa7+ Ke6 35. a4 Kd5 36. Rxh7 Rc2 37. f3 f5 38. Rd7+ Ke6 39. Rc7 Rb2
40. Rc6+ Kf7 41. Nc3 Rb4 42. a5 e4 43. fxe4 fxe4 44. a6 e3 45. a7 e2 46. Nxe2
1-0

[Event "Bad Woerishofen 2017 - Senioren"]
[Site "Bad Woerishofen"]
[Date "2017.03.17"]
[Round "9.15"]
[White "Schneider, Alexander"]
[Black "Rueberg, Jobst"]
[Result "1/2-1/2"]
[WhiteElo "2029"]
[BlackElo "2091"]
[Annotator "chessorg"]
[PlyCount "61"]
[EventDate "2017.??.??"]
[WhiteTeam "Schachclub  WHV von 1887 e.V."]
[BlackTeam "SV Ahlen 1954 e.V."]

1. Nf3 Nf6 2. g3 b6 3. Bg2 Bb7 4. O-O e6 5. c4 Be7 6. d4 O-O 7. Nc3 Na6 8. a3
d5 9. Nd2 c5 10. dxc5 Nxc5 11. cxd5 exd5 12. Nb3 Qd7 13. Nd4 Rfd8 14. b4 Nce4
15. Bb2 Nd6 16. Qb3 Nc4 17. Rfd1 Rac8 18. Rac1 Nxb2 19. Qxb2 h6 20. Qb3 Ba6 21.
b5 Bb7 22. Nc6 Bxc6 23. bxc6 Rxc6 24. Nxd5 Rxc1 25. Nxf6+ Bxf6 26. Rxc1 Bd4 27.
Bf3 Bc5 28. a4 a5 29. Kg2 Qd4 30. e3 Qf6 31. Rd1 1/2-1/2

[Event "Bad Woerishofen 2017 - Senioren"]
[Site "Bad Woerishofen"]
[Date "2017.03.17"]
[Round "9.16"]
[White "Villing, Dieter"]
[Black "Nordby, Bernt"]
[Result "1-0"]
[WhiteElo "2089"]
[BlackElo "2015"]
[Annotator "chessorg"]
[PlyCount "47"]
[EventDate "2017.??.??"]
[WhiteTeam "SK 1962 Ladenburg"]
[BlackTeam "Fredrikstad SS"]

1. e4 e6 2. d4 d5 3. Nc3 Bb4 4. e5 Qd7 5. Bd2 b6 6. Nf3 Ne7 7. Nb5 Bxd2+ 8.
Qxd2 Ba6 9. a4 O-O 10. Ra3 c6 11. Nd6 Bxf1 12. Kxf1 f6 13. h4 c5 14. a5 Nbc6
15. axb6 axb6 16. Rxa8 Rxa8 17. Rh3 Ra1+ 18. Ke2 Nxd4+ 19. Nxd4 cxd4 20. Qxd4
fxe5 21. Qxb6 Nc6 22. Rc3 Nd4+ 23. Kd2 h6 24. Rc7 1-0

[Event "Bad Woerishofen 2017 - Senioren"]
[Site "Bad Woerishofen"]
[Date "2017.03.17"]
[Round "9.17"]
[White "Engbrecht, Helmut"]
[Black "Lange, Manfred"]
[Result "1/2-1/2"]
[WhiteElo "1951"]
[BlackElo "2081"]
[Annotator "chessorg"]
[PlyCount "84"]
[EventDate "2017.??.??"]
[WhiteTeam "SV Schorndorf"]
[BlackTeam "SV Würzburg von 1865 e.V."]

1. f4 d5 2. Nf3 Nf6 3. e3 Bg4 4. Be2 Nc6 5. b3 e6 6. Bb2 Be7 7. O-O O-O 8. Ne5
Bxe2 9. Qxe2 Nxe5 10. fxe5 Ne8 11. Qg4 g6 12. d4 c5 13. Nd2 Rc8 14. c3 Bg5 15.
Qe2 Ng7 16. Nf3 Be7 17. e4 cxd4 18. cxd4 Qa5 19. exd5 Qxd5 20. Rac1 h5 21. Rc4
b5 22. Rc2 Rxc2 23. Qxc2 Nf5 24. Rc1 Bd8 25. Qc5 Qxc5 26. Rxc5 Bb6 27. Rxb5 Rc8
28. a4 Rc2 29. a5 Bc7 30. Rc5 Rxb2 31. Rxc7 Rxb3 32. Rxa7 Rb1+ 33. Kf2 Rb2+ 34.
Kg1 Ne3 35. Ra8+ Kg7 36. a6 Rxg2+ 37. Kh1 Ra2 38. h3 Ra4 39. Ra7 Ra1+ 40. Kh2
Ra2+ 41. Kh1 Ra1+ 42. Kh2 Ra2+ 1/2-1/2

[Event "Bad Woerishofen 2017 - Senioren"]
[Site "Bad Woerishofen"]
[Date "2017.03.17"]
[Round "9.18"]
[White "Weenink, Henk"]
[Black "Korth, Manfred"]
[Result "1-0"]
[WhiteElo "2132"]
[BlackElo "1929"]
[Annotator "chessorg"]
[PlyCount "97"]
[EventDate "2017.??.??"]
[WhiteTeam "SC Soest 1922"]
[BlackTeam "SC Heideck-Hilpoltstein"]

1. e4 d6 2. d4 Nf6 3. Nc3 Nbd7 4. f4 e5 5. Nf3 exd4 6. Qxd4 c6 7. Be3 d5 8.
exd5 Bc5 9. Qd3 Qe7 10. Kd2 O-O 11. Re1 Ng4 12. Bd4 Qd6 13. g3 Bb4 14. h3 Ngf6
15. Kc1 Nxd5 16. Ne4 Qg6 17. c3 Ba5 18. Nh4 Qh6 19. Bg2 Nxf4 20. gxf4 Qxf4+ 21.
Nd2 Qxh4 22. Re4 Qd8 23. Qg3 g6 24. Rhe1 Nf6 25. Qe5 Bf5 26. Qxf6 Qxf6 27. Bxf6
Bxe4 28. Nxe4 Bd8 29. Bd4 f5 30. Nd6 Bg5+ 31. Kc2 Rad8 32. Nxb7 Rde8 33. Rxe8
Rxe8 34. Bxc6 Re2+ 35. Kb3 Rh2 36. Bd5+ Kf8 37. Nc5 Bc1 38. c4 Rxh3+ 39. Kc2
Be3 40. Bxe3 Rxe3 41. Kd2 Rh3 42. Na6 Ke7 43. c5 Rh4 44. Kc3 Ra4 45. Nb4 Kd8
46. b3 Rxb4 47. Kxb4 h5 48. Kc4 h4 49. Kd4 1-0

[Event "Bad Woerishofen 2017 - Senioren"]
[Site "Bad Woerishofen"]
[Date "2017.03.17"]
[Round "9.19"]
[White "Hunold, Rolf"]
[Black "Leutz, Hans"]
[Result "1-0"]
[WhiteElo "2081"]
[BlackElo "1968"]
[Annotator "chessorg"]
[PlyCount "33"]
[EventDate "2017.??.??"]
[WhiteTeam "Schachverein Letmathe 1933 e.V."]

1. e4 c6 2. d4 d5 3. e5 Bf5 4. Nf3 e6 5. Be2 c5 6. Be3 Nd7 7. O-O Rc8 8. Nc3
cxd4 9. Nxd4 Bg6 10. f4 Bb4 11. f5 Bxc3 12. fxg6 hxg6 13. bxc3 Qh4 14. Nf3 Qh5
15. Bb5 Rxc3 16. Qd4 Rxc2 17. Qa4 1-0